=LDR 00000nam 2200000 4500 =001 INLIS000000000051483 =005 20201021090631 =035 ##$$a 0010-0917000287 =007 ta =008 201021################g##########0#ind## =020 ##$$a 978-602-0869-57-5 =082 ##$$a 320.54 =084 ##$$a 320.54 SUT r =100 #$$a Sutrisno =245 1#$$a Revolusi mental : $b Menumbuh kembangkan rasa nasionalisme /$c Sutrisno, S. Pd. =260 ##$$a Yogyakarta :$b Indoliterasi,$c 2016 =300 ##$$a iv, 162 hlm. : $b ilus. ; $c 14x21 cm. =650 #4$$a Nasionalisme =504 ##$$a Bibliografi: hlm. 161 =520 ##$$a Biografi: hlm. 162 =990 ##$$a 21704020 =990 ##$$a 21704019 =990 ##$$a 21704018 =990 ##$$a 21704017 =990 ##$$a 21704016 =990 ##$$a 21704017 =990 ##$$a 21704020 =990 ##$$a 21704019 =990 ##$$a 21704018 =990 ##$$a 21704016 =990 ##$$a 1201712868 =990 ##$$a 21704020 =990 ##$$a 21704019 =990 ##$$a 21704018 =990 ##$$a 21704017 =990 ##$$a 21704016 =990 ##$$a 31701174 =990 ##$$a 21704020 =990 ##$$a 21704019 =990 ##$$a 21704018 =990 ##$$a 21704017 =990 ##$$a 21704016 =990 ##$$a 1201712868 =990 ##$$a 31701173 =990 ##$$a 31701174 =990 ##$$a 21704020 =990 ##$$a 21704019 =990 ##$$a 21704018 =990 ##$$a 21704017 =990 ##$$a 21704016 =990 ##$$a 1201712868 =990 ##$$a 21704020 =990 ##$$a 31701173 =990 ##$$a 21704019 =990 ##$$a 21704018 =990 ##$$a 21704017 =990 ##$$a 21704016 =990 ##$$a 10181018 =990 ##$$a 31701174 =990 ##$$a 31701173 =990 ##$$a 21704020 =990 ##$$a 21704019 =990 ##$$a 21704018 =990 ##$$a 21704017 =990 ##$$a 21704016